Flags With Missing Elements - Statistics

General Stats
  • This quiz has been taken 1,471 times
  • The average score is 38 of 45
Answer Stats
Question Tile Select % Correct
star No
99%
star No
99%
star No
99%
star Yes
94%
star No
94%
crescent No
92%
crescent No
92%
text Yes
92%
text No
92%
crescent Yes
91%
crescent No
91%
star Yes
90%
coat of arms No
90%
text No
89%
coat of arms Yes
89%
coat of arms No
89%
star Yes
88%
text No
88%
coat of arms Yes
88%
coat of arms Yes
88%
crescent No
87%
text No
86%
surrounding border No
86%
surrounding border No
86%
surrounding border No
86%
star Yes
85%
crescent Yes
85%
crescent No
85%
text Yes
85%
surrounding border No
85%
surrounding border No
84%
coat of arms No
83%
crescent Yes
82%
crescent No
80%
coat of arms Yes
80%
surrounding border Yes
79%
surrounding border Yes
78%
coat of arms Yes
76%
text Yes
72%
surrounding border No
71%
text No
67%
star No
65%
text Yes
63%
coat of arms Yes
61%
surrounding border Yes
58%
No matching quizzes found
Score Distribution
Percent of People with Each Score
Percentile by Number Answered
Your Score History
You have not taken this quiz